000 00443nam a2200181Ia 4500
001 8405
005 20260306160607.0
008 260306t2013||||xx |||||||||||||| ||spa||
041 _aESP
082 _a370.72
_bL61
100 _aLichtman, Marilyn
_eAUT
245 0 _aQualitative research in education:
_ba user's guide
260 _c2013
300 _a341 páginas :
_c23 cm.
650 _aGEN
654 _aCED
942 _cLIB
_dJUS
_fJUS
_2ddc
_n
999 _c8405
_d8405